En el parque Lenin. Los juglares y la peña del amor de todos

Պահպանված է:
Մատենագիտական մանրամասներ
Հիմնական հեղինակ: Espinosa Domínguez, Carlos
Ձևաչափ: Գիրք
Լեզու:Undetermined
Հրապարակվել է: La Habana, Cuba Orba 1979
Խորագրեր:
Ցուցիչներ: Ավելացրեք ցուցիչ
Չկան պիտակներ, Եղեք առաջինը, ով նշում է այս գրառումը!

MARC

LEADER 00000nam a2200000Ia 4500
008 170316s9999 xx 000 0 und d
040 |a cru BVZT 
090 |a 860 E-9e 
100 |a Espinosa Domínguez, Carlos 
245 |a En el parque Lenin. Los juglares y la peña del amor de todos 
260 |a La Habana, Cuba 
260 |b Orba 
260 |c 1979 
300 |a 265 páginas 
650 |a LITERATURA LATINOAMERICANA 
999 |c 8655  |d 8655 
942 |c 15 D  |h 860 E-9e  |2 z